Sports Quiz

Random Sports or Football Quiz

England's last 50 goalscorers Quiz Stats

 Plays Quiz not verified by Sporcle

Score 0/50 Timer 10:00
7 Plays Today
Total goals Player % Correct
53Wayne Rooney
98.2%
20Harry Kane
95.3%
29Frank Lampard
94.2%
21Steven Gerrard
93.9%
4Raheem Sterling
81.8%
10Joe Cole
81.6%
6John Terry
81.5%
7Jamie Vardy
80.8%
22Peter Crouch
79.6%
20Jermaine Defoe
78.5%
3Dele Alli
77.6%
6Marcus Rashford
76.7%
2John Stones
76.1%
1Harry Maguire
75.7%
4Jesse Lingard
74.8%
3Rio Ferdinand
74.2%
1Kieran Trippier
72.3%
3Eric Dier
71.7%
5Gary Cahill
68.2%
1Jermaine Jenas
68.1%
16Danny Welbeck
66.6%
8Theo Walcott
66.5%
8Daniel Sturridge
66.3%
7Emile Heskey
60.9%
3Adam Lallana
56.3%
Total goals Player % Correct
6Alex Oxlade-Chamberlain
55.2%
7Ashley Young
53.8%
1James Milner
53.4%
1Chris Smalling
53.4%
2Jack Wilshere
51.9%
2Adam Johnson
45.7%
1Glen Johnson
45.4%
2Andy Carroll
45.1%
1Callum Wilson
44.7%
1Leighton Baines
44.6%
3Rickie Lambert
42.8%
3Gareth Barry
38.9%
6Shaun Wright-Phillips
38%
3Phil Jagielka
37.5%
4Darren Bent
36.7%
2Matthew Upson
32.2%
2Ross Barkley
32%
1Trent Alexander-Arnold
29.3%
3Andros Townsend
26.5%
2Ledley King
25.1%
1Ryan Bertrand
23.5%
1Joleon Lescott
23%
1Micah Richards
14.3%
1Steven Caulker
9.7%
1Wes Brown
8.8%

You're not logged in!

Compare scores with friends on all Sporcle quizzes.
OR
Log In

You Might Also Like...

Show Comments

Extras

Top Quizzes Today


Score Distribution

Your Account Isn't Verified!

In order to create a playlist on Sporcle, you need to verify the email address you used during registration. Go to your Sporcle Settings to finish the process.

Report this User

Report this user for behavior that violates our Community Guidelines.

Details: